[Event "83rd YMCA Autumn B"]
[Site "Warszawa"]
[Date "2010.09.23"]
[Round "1"]
[White "Kadzinski, Wieslaw"]
[Black "Rzepecka, Dorota"]
[Result "1-0"]
[WhiteElo "1996"]
[BlackElo "1888"]
[PlyCount "81"]
[EventDate "2010.09.23"]
[EventType "tourn"]
[EventRounds "1"]
[EventCountry "POL"]
[SourceDate "2010.10.05"]

1. e4 e6 2. d4 d5 3. Nc3 Bb4 4. e5 c5 5. a3 Bxc3+ 6. bxc3 Ne7 7. Nf3 Bd7 8. a4
Qa5 9. Bd2 c4 10. g3 h6 11. Bh3 Bxa4 12. Qc1 Qb5 13. O-O Qd7 14. Ne1 a5 15. Ng2
Bc6 16. Nf4 a4 17. Nh5 Kd8 18. Nxg7 h5 19. Bg5 Kc7 20. f4 Nf5 21. Bxf5 exf5 22.
Re1 Na6 23. e6 fxe6 24. Rxe6 Kb8 25. Re7 Qd6 26. Nxf5 Qg6 27. Nh4 Qd6 28. f5
Ka7 29. f6 Rae8 30. Nf5 Qb8 31. f7 Rxe7 32. Bxe7 Bd7 33. Nd6 h4 34. Qf4 Rf8 35.
Qh6 Rh8 36. Qxh8 Qxh8 37. f8=Q Qh5 38. Rb1 b6 39. Qf7 Qg4 40. Bxh4 Nc7 41. Nc8+
1-0

[Event "83rd YMCA Autumn B"]
[Site "Warszawa"]
[Date "2010.09.23"]
[Round "1"]
[White "Krasiewicz, Robert"]
[Black "Rozowski, Marcin"]
[Result "1-0"]
[WhiteElo "2035"]
[BlackElo "1892"]
[PlyCount "61"]
[EventDate "2010.09.23"]
[EventType "tourn"]
[EventRounds "1"]
[EventCountry "POL"]
[SourceDate "2010.10.05"]

1. d4 d5 2. c4 c6 3. Nf3 Nf6 4. Qc2 dxc4 5. Qxc4 Bf5 6. Nc3 e6 7. Bg5 Be7 8. e3
Nbd7 9. Be2 O-O 10. O-O Ne4 11. Bf4 Nxc3 12. bxc3 c5 13. Qb3 Qb6 14. Nd2 cxd4
15. exd4 Rac8 16. Rfc1 Rfd8 17. Bf3 e5 18. Qxb6 Nxb6 19. Bxe5 Ba3 20. Bxb7 Bxc1
21. Rxc1 Nd5 22. Bxc8 Rxc8 23. c4 Nb4 24. Rc3 f6 25. Bf4 Nd5 26. Rf3 Bg4 27.
cxd5 Bxf3 28. gxf3 Kf7 29. Ne4 Rc2 30. a4 Ra2 31. Nc5 1-0

[Event "83rd YMCA Autumn B"]
[Site "Warszawa"]
[Date "2010.09.21"]
[Round "1"]
[White "Rogalski, Krzysztof"]
[Black "Kielar, Maciej"]
[Result "0-1"]
[WhiteElo "1927"]
[BlackElo "2029"]
[PlyCount "68"]
[EventDate "2010.09.23"]
[EventType "tourn"]
[EventRounds "1"]
[EventCountry "POL"]
[SourceDate "2010.10.05"]

1. d4 Nf6 2. c4 g6 3. Nc3 Bg7 4. e4 d6 5. Be2 O-O 6. Nf3 Nbd7 7. O-O e5 8. Be3
Qe7 9. d5 Nh5 10. Qd2 f5 11. Bg5 Ndf6 12. exf5 gxf5 13. Nh4 Qf7 14. g3 Kh8 15.
Bh6 f4 16. Bxg7+ Qxg7 17. Qd3 Bh3 18. Rfe1 Rg8 19. Bf1 Qg4 20. Ng2 Raf8 21. Ne4
Nxe4 22. Rxe4 Qg5 23. Ree1 Bf5 24. Qc3 Nf6 25. Bd3 Bh3 26. Bf1 Qh5 27. Be2 Ng4
28. Bxg4 Bxg4 29. Re4 fxg3 30. fxg3 Qf5 31. Qe3 Rf7 32. Nh4 Qf6 33. Qd2 Qxh4
34. gxh4 Be2+ 0-1

[Event "83rd YMCA Autumn B"]
[Site "Warszawa"]
[Date "2010.10.13"]
[Round "1"]
[White "Sielicki, Tomasz"]
[Black "Suchocki, Tomasz"]
[Result "1/2-1/2"]
[WhiteElo "2022"]
[BlackElo "1976"]
[Annotator "Admin"]
[PlyCount "110"]
[EventDate "2010.09.23"]
[EventType "tourn"]
[EventRounds "1"]
[EventCountry "POL"]
[SourceDate "2010.10.05"]

1. d4 Nf6 2. Bg5 e6 3. e4 h6 4. Bxf6 Qxf6 5. Nc3 d6 6. Nf3 c6 7. Qd2 e5 8. dxe5
dxe5 9. O-O-O Nd7 10. Nb5 Rb8 11. Nxa7 Qf4 12. g3 Qxd2+ 13. Rxd2 f6 14. Nxc8
Rxc8 15. Bh3 Rc7 16. Rhd1 Nc5 17. Bf5 Kf7 18. Nh4 g5 19. Ng6 Rg8 20. Nxf8 Rxf8
21. b4 Na6 22. Rd7+ Kg8 23. Rxc7 Nxc7 24. Rd7 Rf7 25. a4 Kf8 26. Rxf7+ Kxf7 27.
Kb2 Ke7 28. Kb3 b6 29. a5 bxa5 30. bxa5 Kd6 31. Kc4 Nb5 32. a6 Kc7 33. Kc5 Nd4
34. c3 Nb5 35. c4 Nd4 36. Bg4 Nb3+ 37. Kb4 Nd2 38. Bf5 Kb6 39. Kc3 Nf3 40. Bc8
Nxh2 41. c5+ Ka7 42. Bd7 Kxa6 43. Bxc6 Ka7 44. Bd7 Kb8 45. Kd3 Kc7 46. c6 Nf3
47. Kc4 h5 48. Kd5 Nd2 49. Bf5 h4 50. Ke6 h3 51. Bxh3 Nxe4 52. Bg2 Nxf2 53.
Kxf6 e4 54. Kxg5 Kxc6 55. Kf4 Kd5 $11 1/2-1/2

[Event "83rd YMCA Autumn B"]
[Site "Warszawa"]
[Date "2010.09.23"]
[Round "1"]
[White "Sujkowski, Pawel"]
[Black "Jarmula, Pawel"]
[Result "1-0"]
[WhiteElo "1938"]
[BlackElo "1977"]
[Annotator "Admin"]
[PlyCount "189"]
[EventDate "2010.09.23"]
[EventType "tourn"]
[EventRounds "1"]
[EventCountry "POL"]
[SourceDate "2010.10.05"]

1. d4 Nf6 2. c4 g6 3. Nc3 Bg7 4. e4 d6 5. Nge2 O-O 6. Ng3 h5 7. h4 Nbd7 8. Be2
e5 9. d5 a5 10. Bg5 Nc5 11. Bxh5 gxh5 12. Nxh5 Kh8 13. Qf3 Bg4 14. Qxf6 Bxh5
15. Qxd8 Raxd8 16. Bxd8 Rxd8 17. f3 f6 18. Ke2 Be8 19. b3 Kg8 20. Rab1 Kf7 21.
g4 Bd7 22. Rbd1 Rh8 23. Kf2 Bh6 24. Ke2 b6 25. Ra1 Bf4 26. h5 Bh6 27. Rhb1 Ke7
28. a3 a4 29. b4 Nb3 30. Ra2 Nc1+ 31. Rxc1 Bxc1 32. b5 Ra8 33. Kf2 Kf7 34. Ne2
$11 Bg5 35. Nc3 Kg7 36. Ne2 Bh4+ 37. Ke3 Kh6 38. Ra1 Rg8 39. Rg1 Bg5+ 40. Kd3
Be8 41. Ng3 Bd7 42. Ne2 Bc8 43. Rg2 Bf4 44. Rg1 Bd7 45. Rg2 Rg5 46. Rg1 Be8 47.
Rh1 Rg7 48. Rg1 Kg5 49. Rh1 Bd7 50. Rg1 Rg8 51. Rh1 Rf8 52. Rg1 Rh8 53. Rh1 Rh7
54. Rg1 Rg7 55. Rh1 Kh6 56. Rg1 Rg8 57. Rg2 Ra8 58. Rg1 Ra5 59. Nc3 Kg5 60. Rh1
Bg3 61. Ke3 Bf4+ 62. Kd3 Kh6 63. Rg1 Kh7 64. Rg2 Bc1 65. Ra2 Kh6 66. Ne2 Bf4
67. Nc3 Kg5 68. Ke2 Bc1 69. Kf2 Bxg4 70. Ne2 Bf4 71. Nxf4 Kxf4 72. fxg4 Ra8 73.
Kg2 Kxg4 74. Rf2 Kxh5 75. Rxf6 Rg8+ 76. Kf2 Rg4 77. Rf7 Rxe4 78. Rxc7 Kg4 79.
Rc6 Kf4 80. Rxb6 Rxc4 81. Rc6 Rd4 82. Rxd6 Rd2+ 83. Ke1 Ra2 84. b6 Rxa3 85. Rc6
Ke3 86. Kf1 Ra1+ 87. Kg2 a3 88. d6 a2 89. Rc3+ Ke4 90. Ra3 Rd1 91. b7 Rd2+ 92.
Kf1 Rd3 93. Rxa2 Rf3+ 94. Kg2 Rf8 95. Ra8 1-0

[Event "83rd YMCA Autumn B"]
[Site "Warszawa"]
[Date "2010.09.23"]
[Round "1"]
[White "Skladzien, Romuald"]
[Black "Kosny, Marek"]
[Result "1-0"]
[WhiteElo "1937"]
[BlackElo "1993"]
[PlyCount "115"]
[EventDate "2010.09.23"]
[EventType "tourn"]
[EventRounds "1"]
[EventCountry "POL"]
[SourceDate "2010.10.05"]

1. d4 Nf6 2. c4 e6 3. Nf3 d5 4. g3 Nbd7 5. Qc2 Be7 6. Bg2 O-O 7. O-O c6 8. b3
Ne4 9. Bf4 g5 10. Bc1 f5 11. Ne1 Bf6 12. Bb2 dxc4 13. bxc4 Qb6 14. Nd2 Nd6 15.
Nb3 Nf7 16. Rd1 a5 17. a4 Re8 18. e4 Nf8 19. e5 Be7 20. Nd3 Qc7 21. c5 Bd7 22.
Ba3 Ng6 23. Rfe1 Kg7 24. Nd2 b5 25. cxb6 Qxb6 26. Bxe7 Nxe7 27. Nc5 Bc8 28. Nc4
Qc7 29. Nb3 Nd5 30. Ne3 Nb4 31. Qc5 Qe7 32. Qc3 Bd7 33. Nc5 Reb8 34. Nc4 Ra7
35. Rb1 Nd5 36. Qd2 Rb4 37. Nxa5 Rxb1 38. Rxb1 Nxe5 39. Rb7 Rxb7 40. Naxb7 Nc4
41. Qc1 Ncb6 42. a5 Nc8 43. Nxd7 Qxd7 44. Qxg5+ Kf8 45. Qd8+ Qxd8 46. Nxd8 Nce7
47. Nxe6+ Kg8 48. a6 Nc8 49. Nd8 Nb4 50. Bxc6 Kf8 51. Bd7 Nb6 52. Bxf5 Nxa6 53.
Bxh7 Ke7 54. Nc6+ Kf7 55. Kf1 Ke6 56. Ke2 Nd7 57. Be4 Nf6 58. f3 1-0

[Event "83rd YMCA Autumn B"]
[Site "Warszawa"]
[Date "2010.10.08"]
[Round "1"]
[White "Grochulski, Grzegorz"]
[Black "Szymczak, Rafal"]
[Result "0-1"]
[WhiteElo "2018"]
[BlackElo "2045"]
[PlyCount "90"]
[EventDate "2010.09.23"]
[EventType "tourn"]
[EventRounds "1"]
[EventCountry "POL"]
[SourceDate "2010.10.05"]

1. e4 c6 2. Nc3 d5 3. Nf3 Bg4 4. h3 Bxf3 5. Qxf3 e6 6. d3 Nf6 7. Bd2 Bd6 8. g4
h6 9. h4 h5 10. g5 Nfd7 11. g6 Qf6 12. gxf7+ Qxf7 13. Qxf7+ Kxf7 14. f4 Be7 15.
O-O-O Nf6 16. Bh3 Ng4 17. Bxg4 hxg4 18. h5 Nd7 19. Ne2 Rh7 20. Rdg1 Rah8 21.
Rxg4 Nf6 22. Rg2 dxe4 23. Rhg1 exd3 24. cxd3 Nxh5 25. Bc3 Bc5 26. Rf1 Nf6 27.
f5 Be3+ 28. Kc2 Rh2 29. fxe6+ Kxe6 30. Rxg7 Rxe2+ 31. Kd1 Rf2 32. Rxf2 Bxf2 33.
Rxb7 Bb6 34. Bxf6 Kxf6 35. Kc2 Ke6 36. Kc3 Rh4 37. b4 Bd4+ 38. Kb3 Rh2 39. b5
cxb5 40. a4 bxa4+ 41. Kc4 Bb6 42. Kb4 Rh4+ 43. Ka3 Bc5+ 44. Ka2 Rh2+ 45. Kb1 a3
0-1

[Event "83rd YMCA Autumn B"]
[Site "Warszawa"]
[Date "2010.10.19"]
[Round "2"]
[White "Rzepecka, Dorota"]
[Black "Szymczak, Rafal"]
[Result "0-1"]
[WhiteElo "1888"]
[BlackElo "2045"]
[PlyCount "48"]
[EventDate "2010.09.23"]
[EventType "tourn"]
[EventRounds "1"]
[EventCountry "POL"]
[SourceDate "2010.10.05"]

1. Nf3 f5 2. g3 Nf6 3. Bg2 g6 4. O-O Bg7 5. d4 O-O 6. c4 d6 7. Nc3 Qe8 8. e4 e5
9. Re1 Nxe4 10. Nxe4 fxe4 11. Ng5 Nc6 12. dxe5 h6 13. Qd5+ Kh8 14. Rxe4 hxg5
15. e6 Rf5 16. Qd1 Bxe6 17. f4 gxf4 18. gxf4 Qf7 19. Qe2 Nd4 20. Qd3 Bxc4 21.
Qh3+ Rh5 22. Qg4 Bd5 23. Re3 Bxg2 24. Qxg2 Re8 0-1

[Event "83rd YMCA Autumn B"]
[Site "Warszawa"]
[Date "2010.10.13"]
[Round "2"]
[White "Kosny, Marek"]
[Black "Grochulski, Grzegorz"]
[Result "0-1"]
[WhiteElo "1993"]
[BlackElo "2018"]
[PlyCount "72"]
[EventDate "2010.09.23"]
[EventType "tourn"]
[EventRounds "1"]
[EventCountry "POL"]
[SourceDate "2010.10.05"]

1. c4 e5 2. Nc3 Nf6 3. g3 Bc5 4. Bg2 O-O 5. Nf3 Nc6 6. O-O Re8 7. a3 a5 8. d3
h6 9. Bd2 d6 10. Rb1 Bf5 11. e4 Bg4 12. Nb5 a4 13. h3 Bd7 14. b4 axb3 15. Qxb3
Nh7 16. Bb4 Ng5 17. Nxg5 hxg5 18. Bxc5 dxc5 19. Nc3 b6 20. Nd5 Nd4 21. Qb2 g4
22. hxg4 Bxg4 23. f3 Be6 24. Ra1 Bxd5 25. cxd5 Qg5 26. Qf2 Ra4 27. f4 Qh5 28.
Bf3 Nxf3+ 29. Qxf3 Qxf3 30. Rxf3 exf4 31. gxf4 Rea8 32. Ra2 Rxa3 33. Rg2 c4 34.
Rfg3 cxd3 35. Rxg7+ Kf8 36. R7g3 d2 0-1

[Event "83rd YMCA Autumn B"]
[Site "Warszawa"]
[Date "2010.10.05"]
[Round "2"]
[White "Jarmula, Pawel"]
[Black "Skladzien, Romuald"]
[Result "1-0"]
[WhiteElo "1977"]
[BlackElo "1937"]
[PlyCount "53"]
[EventDate "2010.09.23"]
[EventType "tourn"]
[EventRounds "1"]
[EventCountry "POL"]
[SourceDate "2010.10.05"]

1. e4 c6 2. c4 d5 3. exd5 cxd5 4. cxd5 Nf6 5. Qa4+ Nbd7 6. Nc3 b6 7. Qc6 Rb8 8.
Nb5 Rb7 9. d4 a6 10. Bf4 axb5 11. Rc1 Ra7 12. Qxc8 Ra8 13. Qc6 g6 14. Bxb5 Bg7
15. Nf3 O-O 16. a4 Ra7 17. O-O Nb8 18. Bxb8 Qxb8 19. Ne5 Qd6 20. Nc4 Qxd5 21.
Qxb6 Rb7 22. Qc5 Rbb8 23. Ne5 Qb7 24. Nc6 Ne4 25. Qxe7 Rfe8 26. Qxb7 Rxb7 27.
Na5 1-0

[Event "83rd YMCA Autumn B"]
[Site "Warszawa"]
[Date "2010.09.30"]
[Round "2"]
[White "Suchocki, Tomasz"]
[Black "Sujkowski, Pawel"]
[Result "0-1"]
[WhiteElo "1976"]
[BlackElo "1938"]
[PlyCount "98"]
[EventDate "2010.09.23"]
[EventType "tourn"]
[EventRounds "1"]
[EventCountry "POL"]
[SourceDate "2010.10.05"]

1. d4 Nf6 2. c4 c5 3. d5 e6 4. Nc3 exd5 5. cxd5 d6 6. e4 g6 7. Bd3 Bg7 8. Nge2
a6 9. a4 Nbd7 10. O-O O-O 11. Bg5 Qc7 12. Qd2 Rb8 13. a5 Ne5 14. Ng3 Nxd3 15.
Qxd3 b5 16. axb6 Rxb6 17. Na4 Rb8 18. Rfc1 Nd7 19. Bd2 Ne5 20. Qc2 Qa7 21. Bc3
Bd7 22. Kh1 c4 23. Rf1 Nd3 24. Bxg7 Kxg7 25. Kg1 Bxa4 26. Qxa4 Rxb2 27. Qxc4
Rxf2 28. Rxf2 Nxf2 29. Kf1 Ng4 30. Qe2 Nxh2+ 31. Ke1 Qg1+ 32. Nf1 Nxf1 33. Qxf1
Qxf1+ 34. Kxf1 Ra8 35. Ke2 a5 36. Ra4 Kf6 37. Ke3 h5 38. Kd4 h4 39. Ra3 a4 40.
Rf3+ Ke7 41. Ra3 f6 42. Ke3 Kf7 43. Kf4 g5+ 44. Kf5 Ra7 45. Kg4 Kg6 46. g3 hxg3
47. Kxg3 f5 48. Kf3 Kf6 49. Ke3 f4+ 0-1

[Event "83rd YMCA Autumn B"]
[Site "Warszawa"]
[Date "2010.10.19"]
[Round "2"]
[White "Kielar, Maciej"]
[Black "Sielicki, Tomasz"]
[Result "1-0"]
[WhiteElo "2029"]
[BlackElo "2022"]
[PlyCount "93"]
[EventDate "2010.09.23"]
[EventType "tourn"]
[EventRounds "1"]
[EventCountry "POL"]
[SourceDate "2010.10.05"]

1. e4 g6 2. d4 Bg7 3. Nc3 d6 4. Be3 a6 5. Qd2 b5 6. f3 Nd7 7. a4 b4 8. Nd5 a5
9. Bc4 e6 10. Bg5 f6 11. Nf4 Nb6 12. Bb5+ Kf7 13. Nfh3 fxg5 14. Nxg5+ Ke7 15.
Ne2 h6 16. Nh3 Bd7 17. Nhf4 Qe8 18. d5 Bxb5 19. axb5 Nc4 20. Qd1 Nxb2 21. Qb1
exd5 22. exd5 Kd7 23. Ne6 Bf6 24. Qa2 Ne7 25. O-O Qb8 26. N2d4 Qb6 27. Qxb2
Nxd5 28. Rfd1 Qxb5 29. Qb3 a4 30. Rxa4 Qxa4 31. Qxd5 Ra5 32. Qb7 Bxd4+ 33. Nxd4
Rc5 34. Qe4 Re8 35. Qg4+ Kd8 36. Ne6+ Rxe6 37. Qxe6 Qxc2 38. Ra1 Qc1+ 39. Rxc1
Rxc1+ 40. Kf2 c5 41. Qxd6+ Kc8 42. Qxg6 c4 43. Qc6+ Kd8 44. Qd6+ Ke8 45. Qxb4
c3 46. Qe4+ Kd7 47. Qh7+ 1-0

[Event "83rd YMCA Autumn B"]
[Site "Warszawa"]
[Date "2010.10.19"]
[Round "2"]
[White "Rozowski, Marcin"]
[Black "Rogalski, Krzysztof"]
[Result "1-0"]
[WhiteElo "1892"]
[BlackElo "1927"]
[PlyCount "167"]
[EventDate "2010.09.23"]
[EventType "tourn"]
[EventRounds "1"]
[EventCountry "POL"]
[SourceDate "2010.10.05"]

1. e4 c5 2. Nf3 e6 3. d4 cxd4 4. Nxd4 a6 5. c4 Nf6 6. Nc3 Qc7 7. a3 d6 8. Be3
b6 9. f3 Nbd7 10. Be2 Bb7 11. O-O Be7 12. Rc1 Rc8 13. b4 O-O 14. Qd2 Qb8 15.
Nb3 Qa8 16. Rfd1 Ne8 17. Bf4 Ne5 18. Na4 Bd8 19. c5 bxc5 20. Naxc5 Nxf3+ 21.
gxf3 dxc5 22. Nxc5 Bb6 23. Be3 Nf6 24. Nxb7 Qxb7 25. Rxc8 Rxc8 26. Bxb6 Qxb6+
27. Qd4 Qc6 28. Qd6 Qc3 29. Qxa6 g6 30. Qd3 Qb2 31. Rd2 Rc1+ 32. Bf1 Qa1 33. b5
Rc3 34. Ra2 Qc1 35. Qd2 Qxd2 36. Rxd2 Rxa3 37. Rd8+ Kg7 38. Kf2 Ra2+ 39. Be2
Rb2 40. Ke3 g5 41. Rd2 Rb4 42. Ra2 g4 43. Bd3 gxf3 44. Kxf3 Nd7 45. Ke3 Nc5 46.
Kd2 Nxd3 47. Kxd3 Rxb5 48. Ke3 e5 49. Kf3 h5 50. Ra8 Rb3+ 51. Kf2 Rb2+ 52. Kg3
Re2 53. Ra4 Kg6 54. h4 Rd2 55. Ra6+ f6 56. Ra8 Rd7 57. Rg8+ Kf7 58. Ra8 Kg6 59.
Rg8+ Rg7 60. Ra8 Rf7 61. Rg8+ Kh7 62. Ra8 Rg7+ 63. Kh3 Rg4 64. Ra4 Rf4 65. Kg3
Kg7 66. Ra7+ Kf8 67. Ra8+ Ke7 68. Ra7+ Kd6 69. Ra6+ Kc5 70. Ra4 Kb5 71. Ra8
Rxe4 72. Rh8 Rg4+ 73. Kh3 Kc5 74. Rxh5 Rg6 75. Rh8 e4 76. h5 Rg5 77. h6 e3 78.
h7 Rh5+ 79. Kg3 e2 80. Kf2 Rh2+ 81. Ke1 Kd4 82. Rd8+ Ke3 83. h8=Q Rxh8 84. Rxh8
1-0

[Event "83rd YMCA Autumn B"]
[Site "Warszawa"]
[Date "2010.10.01"]
[Round "2"]
[White "Kadzinski, Wieslaw"]
[Black "Krasiewicz, Robert"]
[Result "1/2-1/2"]
[WhiteElo "1996"]
[BlackElo "2035"]
[Annotator "Admin"]
[PlyCount "75"]
[EventDate "2010.09.23"]
[EventType "tourn"]
[EventRounds "1"]
[EventCountry "POL"]
[SourceDate "2010.10.05"]

1. e4 e6 2. d4 d5 3. Nc3 Nf6 4. e5 Nfd7 5. f4 c5 6. Nce2 Nc6 7. c3 Qb6 8. Nf3
cxd4 9. Nexd4 Ndb8 10. Bd3 Nxd4 11. Nxd4 Nc6 12. O-O Nxd4 13. Be3 Bc5 14. cxd4
Be7 15. a4 Bd7 16. Rf2 Rc8 17. g4 f6 18. f5 O-O 19. a5 Qc7 20. Bf4 fxe5 21.
Bxe5 Qd8 22. Qf3 Bg5 23. Qh3 h6 24. Raf1 exf5 25. gxf5 Qxa5 26. Bxg7 Kxg7 27.
f6+ Kh8 28. Qxd7 Rc7 29. Qg7+ Rxg7 30. fxg7+ Kxg7 31. Rxf8 Qc7 32. R1f3 Qe7 33.
R8f5 Qe6 34. Kg2 a6 35. Rg3 Kh8 36. h4 Be7 37. Rh5 Qb6 38. Kf3 $11 1/2-1/2

[Event "83rd YMCA Autumn B"]
[Site "Warszawa"]
[Date "2010.10.07"]
[Round "3"]
[White "Krasiewicz, Robert"]
[Black "Rzepecka, Dorota"]
[Result "1-0"]
[WhiteElo "2035"]
[BlackElo "1888"]
[PlyCount "45"]
[EventDate "2010.09.23"]
[EventType "tourn"]
[EventRounds "1"]
[EventCountry "POL"]
[SourceDate "2010.10.05"]

1. Nf3 Nf6 2. c4 e6 3. g3 g6 4. b3 Bg7 5. Bb2 d5 6. Bg2 O-O 7. Qc2 b6 8. O-O
Bb7 9. cxd5 exd5 10. d3 c5 11. e3 Nc6 12. a3 Rc8 13. Nbd2 Re8 14. Rfe1 Qd7 15.
h3 Ba6 16. Rad1 h6 17. Qb1 Na5 18. b4 cxb4 19. axb4 Nb7 20. Qa1 Bxd3 21. Bxf6
Bxf6 22. Qxf6 Qb5 23. Ne5 1-0

[Event "83rd YMCA Autumn B"]
[Site "Warszawa"]
[Date "2010.10.05"]
[Round "3"]
[White "Rogalski, Krzysztof"]
[Black "Kadzinski, Wieslaw"]
[Result "1-0"]
[WhiteElo "1927"]
[BlackElo "1996"]
[PlyCount "71"]
[EventDate "2010.09.23"]
[EventType "tourn"]
[EventRounds "1"]
[EventCountry "POL"]
[SourceDate "2010.10.05"]

1. d4 Nf6 2. c4 g6 3. Nc3 Bg7 4. e4 d6 5. Be2 O-O 6. Bg5 c5 7. d5 h6 8. Bf4 b5
9. cxb5 Qa5 10. Bd2 a6 11. bxa6 Bxa6 12. a3 Nbd7 13. Nf3 Rfb8 14. Rb1 Bxe2 15.
Qxe2 Rb3 16. O-O Rab8 17. Nd1 Qa4 18. Re1 Nh5 19. Bc3 Nf4 20. Qd2 g5 21. Bxg7
Kxg7 22. Nc3 Qc4 23. e5 Nxe5 24. Nxe5 dxe5 25. Re4 Qxc3 26. bxc3 Rxb1+ 27. Re1
R8b2 28. Qe3 Nd3 29. Rf1 Rxf1+ 30. Kxf1 c4 31. g3 h5 32. Qxg5+ Kf8 33. Qxh5
Rxf2+ 34. Kg1 Ke8 35. Qg4 Rd2 36. Qc8# 1-0

[Event "83rd YMCA Autumn B"]
[Site "Warszawa"]
[Date "2010.10.07"]
[Round "3"]
[White "Sielicki, Tomasz"]
[Black "Rozowski, Marcin"]
[Result "1-0"]
[WhiteElo "2022"]
[BlackElo "1892"]
[PlyCount "51"]
[EventDate "2010.09.23"]
[EventType "tourn"]
[EventRounds "1"]
[EventCountry "POL"]
[SourceDate "2010.10.05"]

1. d4 c6 2. c4 d5 3. Nf3 Nf6 4. e3 Bf5 5. Nc3 e6 6. Nh4 Bg6 7. Nxg6 hxg6 8. Qb3
Qb6 9. c5 Qxb3 10. axb3 Nbd7 11. b4 e5 12. b5 Kd8 13. bxc6 bxc6 14. g3 Be7 15.
Bd2 Kc7 16. b4 Ne4 17. Nxe4 dxe4 18. Bc4 exd4 19. exd4 Bf6 20. Bf4+ Kd8 21. O-O
g5 22. Be3 Rb8 23. Rfb1 Rb7 24. Bxf7 Ke7 25. Bg6 Rhb8 26. Ra4 1-0

[Event "83rd YMCA Autumn B"]
[Site "Warszawa"]
[Date "2010.10.07"]
[Round "3"]
[White "Sujkowski, Pawel"]
[Black "Kielar, Maciej"]
[Result "0-1"]
[WhiteElo "1938"]
[BlackElo "2029"]
[PlyCount "130"]
[EventDate "2010.09.23"]
[EventType "tourn"]
[EventRounds "1"]
[EventCountry "POL"]
[SourceDate "2010.10.05"]

1. d4 Nf6 2. c4 g6 3. Nc3 Bg7 4. e4 d6 5. Nf3 O-O 6. Be2 e5 7. O-O Nc6 8. d5
Ne7 9. Ne1 Nd7 10. Be3 f5 11. f3 f4 12. Bf2 g5 13. a4 Ng6 14. a5 h5 15. Nb5 a6
16. Na7 Nf6 17. Nxc8 Qxc8 18. c5 g4 19. cxd6 cxd6 20. Rc1 Qd7 21. Bb6 Rac8 22.
Nd3 h4 23. Nf2 h3 24. gxh3 g3 25. Ng4 Nh5 26. Qd3 Qe7 27. Rfd1 Qh4 28. Bf1 Nf6
29. Qe2 Kf7 30. Rc7+ Rxc7 31. Bxc7 Nxg4 32. hxg4 Rh8 33. h3 Qe7 34. Bb6 Rc8 35.
Qd2 Nh4 36. Bg2 Qd7 37. Rc1 Bf6 38. Rc3 Be7 39. Rxc8 Qxc8 40. Qc3 Qxc3 41. bxc3
Ke8 42. c4 Kd7 43. Kf1 Bd8 44. c5 dxc5 45. Bxc5 Bxa5 46. Bf8 Bd8 47. Bg7 Kd6
48. Bh1 a5 49. Bf8+ Be7 50. Bxe7+ Kxe7 51. Ke2 g2 52. Bxg2 Nxg2 53. g5 Nh4 54.
Kd3 b5 55. Kc3 Kd6 56. Kb3 Kc5 57. Kb2 b4 58. Kb3 Kb5 59. Kb2 a4 60. Ka2 b3+
61. Ka3 Kc5 62. Kb2 Kd6 63. Ka3 Ke7 64. Kb2 Kf7 65. Ka3 Nxf3 0-1

[Event "83rd YMCA Autumn B"]
[Site "Warszawa"]
[Date "2010.10.07"]
[Round "3"]
[White "Skladzien, Romuald"]
[Black "Suchocki, Tomasz"]
[Result "0-1"]
[WhiteElo "1937"]
[BlackElo "1976"]
[PlyCount "48"]
[EventDate "2010.09.23"]
[EventType "tourn"]
[EventRounds "1"]
[EventCountry "POL"]
[SourceDate "2010.10.05"]

1. c4 c5 2. Nc3 g6 3. b3 Bg7 4. Bb2 e6 5. Nf3 d5 6. cxd5 exd5 7. d4 cxd4 8.
Nxd4 Ne7 9. e3 O-O 10. Bd3 Nbc6 11. Nce2 Ne5 12. Bc2 b6 13. O-O Ba6 14. Qd2 Qd7
15. Rfd1 Rfd8 16. Rac1 Qg4 17. h3 Qh4 18. Bb1 g5 19. Ng3 Bc8 20. Ngf5 Nxf5 21.
Bxf5 g4 22. Bxc8 Raxc8 23. Nf5 Qg5 24. Nxg7 Nf3+ 0-1

[Event "83rd YMCA Autumn B"]
[Site "Warszawa"]
[Date "2010.10.07"]
[Round "3"]
[White "Grochulski, Grzegorz"]
[Black "Jarmula, Pawel"]
[Result "1-0"]
[WhiteElo "2018"]
[BlackElo "1977"]
[PlyCount "77"]
[EventDate "2010.09.23"]
[EventType "tourn"]
[EventRounds "1"]
[EventCountry "POL"]
[SourceDate "2010.10.05"]

1. e4 c6 2. Nc3 d5 3. Nf3 dxe4 4. Nxe4 Nf6 5. Nxf6+ exf6 6. d3 Bd6 7. g3 O-O 8.
Bg2 Bg4 9. Be3 Nd7 10. Qd2 Re8 11. O-O Nb6 12. c4 Bxf3 13. Bxf3 Be5 14. Rac1
Bd4 15. c5 Bxe3 16. fxe3 Nd7 17. d4 f5 18. d5 Ne5 19. d6 Nxf3+ 20. Rxf3 Qd7 21.
Rcf1 Re5 22. Qc2 g6 23. g4 b6 24. b4 a5 25. gxf5 axb4 26. fxg6 hxg6 27. cxb6
Qxd6 28. Rxf7 Rg5+ 29. Kh1 c5 30. Qc4 Kh8 31. Qh4+ Rh5 32. Qf6+ Qxf6 33. R1xf6
Rb8 34. b7 Kg8 35. Rf8+ Rxf8 36. Rxf8+ Kxf8 37. b8=Q+ Kf7 38. Qc7+ Kf6 39. Qd6+
1-0

[Event "83rd YMCA Autumn B"]
[Site "Warszawa"]
[Date "2010.10.07"]
[Round "3"]
[White "Szymczak, Rafal"]
[Black "Kosny, Marek"]
[Result "1-0"]
[WhiteElo "2045"]
[BlackElo "1993"]
[PlyCount "73"]
[EventDate "2010.09.23"]
[EventType "tourn"]
[EventRounds "1"]
[EventCountry "POL"]
[SourceDate "2010.10.05"]

1. f4 d6 2. Nf3 Nc6 3. g3 e5 4. d3 Nf6 5. Nc3 Be7 6. Bg2 Bd7 7. e4 O-O 8. O-O
Bg4 9. h3 Bxf3 10. Qxf3 Nd4 11. Qf2 b5 12. Be3 c5 13. Bxd4 cxd4 14. Nxb5 Qb6
15. c4 a6 16. Na3 Nd7 17. b3 Nc5 18. Qe2 Rab8 19. Nc2 a5 20. Rab1 f6 21. Na3
Na6 22. Nb5 Nc7 23. Nxc7 Qxc7 24. Qg4 Qc8 25. Bf3 Qxg4 26. Bxg4 Kf7 27. Bd7
Rfd8 28. Bb5 Rdc8 29. Kf2 Rb6 30. Ke2 Rcb8 31. a3 exf4 32. Rxf4 g6 33. g4 Ke6
34. Ra1 Ke5 35. Raf1 Rxb5 36. cxb5 Rxb5 37. Rf5+ 1-0

[Event "83rd YMCA Autumn B"]
[Site "Warszawa"]
[Date "2010.10.14"]
[Round "4"]
[White "Rzepecka, Dorota"]
[Black "Kosny, Marek"]
[Result "1-0"]
[WhiteElo "1888"]
[BlackElo "1993"]
[PlyCount "125"]
[EventDate "2010.09.23"]
[EventType "tourn"]
[EventRounds "1"]
[EventCountry "POL"]
[SourceDate "2010.10.05"]

1. e4 Nf6 2. Nc3 d5 3. exd5 Nxd5 4. d4 c6 5. Nf3 Bg4 6. Bc4 e6 7. O-O Be7 8.
Nxd5 exd5 9. Bd3 Nd7 10. Re1 O-O 11. c3 Bf6 12. Bc2 g6 13. Bh6 Re8 14. Rxe8+
Qxe8 15. h3 Be6 16. Qd2 Qe7 17. Re1 Re8 18. Qf4 Qd8 19. h4 Nf8 20. h5 gxh5 21.
Bxf8 Kxf8 22. Qh6+ Ke7 23. Bf5 Kd6 24. Ne5 Kc7 25. Qf4 Bxe5 26. Rxe5 Kd7 27.
Bxh7 h4 28. Bf5 Qe7 29. Bxe6+ fxe6 30. Rh5 c5 31. Qxh4 Qxh4 32. Rxh4 cxd4 33.
Rxd4 Kd6 34. f4 b5 35. Kf2 a5 36. a4 Kc5 37. axb5 Kxb5 38. g4 Kc6 39. Kf3 Rf8
40. Ke3 Rb8 41. Rd2 a4 42. Kd4 Kd6 43. g5 Rg8 44. Rg2 Rf8 45. Ke3 e5 46. fxe5+
Kxe5 47. g6 Rc8 48. g7 Rg8 49. Kd3 Ke6 50. Kd4 Kf7 51. Kxd5 Rd8+ 52. Kc4 Kg8
53. Kb4 Ra8 54. c4 Ra7 55. c5 Ra8 56. c6 Ra7 57. Kb5 a3 58. bxa3 Rxa3 59. Rg4
Rb3+ 60. Kc5 Rc3+ 61. Rc4 Re3 62. c7 Re8 63. Kd6 1-0

[Event "83rd YMCA Autumn B"]
[Site "Warszawa"]
[Date "2010.10.14"]
[Round "4"]
[White "Jarmula, Pawel"]
[Black "Szymczak, Rafal"]
[Result "1/2-1/2"]
[WhiteElo "1977"]
[BlackElo "2045"]
[Annotator "Admin"]
[PlyCount "69"]
[EventDate "2010.09.23"]
[EventType "tourn"]
[EventRounds "1"]
[EventCountry "POL"]
[SourceDate "2010.10.05"]

1. e4 c6 2. c4 d5 3. exd5 cxd5 4. cxd5 Nf6 5. Qa4+ Nbd7 6. Nc3 g6 7. Nf3 Bg7 8.
Bc4 O-O 9. d3 a6 10. Qa3 Nb6 11. Qb3 Nxc4 12. dxc4 b5 13. cxb5 axb5 14. O-O b4
15. Qxb4 Nxd5 16. Nxd5 Qxd5 17. Be3 Rxa2 18. Rxa2 Qxa2 19. Bd4 Bxd4 20. Qxd4 f6
21. Rc1 e5 22. Qb6 Qa6 23. Qxa6 Bxa6 24. Rc6 Bb7 25. Rb6 Rc8 26. h3 Rc1+ 27.
Kh2 Bxf3 28. gxf3 Kg7 29. b4 g5 30. b5 Rb1 31. Rb7+ Kg6 32. b6 h5 33. Rb8 h4
34. b7 Kf5 35. Kg2 $11 1/2-1/2